Natural rubber industry: Its development, technology and economy in Malaysia (Record no. 34242)
[ view plain ]
| 000 -LEADER | |
|---|---|
| fixed length control field | 00466nam a2200157Ia 4500 |
| 082 ## - DEWEY DECIMAL CLASSIFICATION NUMBER | |
| Classification number | NR:33(595) |
| Item number | BAR |
| 100 ## - MAIN ENTRY--AUTHOR NAME | |
| Personal name | Colin |
| 245 #0 - TITLE STATEMENT | |
| Title | Natural rubber industry: Its development, technology and economy in Malaysia |
| 260 ## - PUBLICATION, DISTRIBUTION, ETC. (IMPRINT) | |
| Place of publication | Oxford |
| Name of publisher | Oxford University |
| Year of publication | 1978 |
| 650 ## - SUBJECT ADDED ENTRY--TOPICAL TERM | |
| Topical Term | International rubber agreement |
| 650 ## - SUBJECT ADDED ENTRY--TOPICAL TERM | |
| Topical Term | Plantation industry |
| 650 ## - SUBJECT ADDED ENTRY--TOPICAL TERM | |
| Topical Term | Rubber history |
| 650 ## - SUBJECT ADDED ENTRY--TOPICAL TERM | |
| Topical Term | Rubber market |
| 942 ## - ADDED ENTRY ELEMENTS (KOHA) | |
| Koha item type | Books |
| Withdrawn status | Lost status | Damaged status | Not for loan | Collection code | Home library | Current library | Date acquired | Cost, normal purchase price | Full call number | Accession Number | Koha item type |
|---|---|---|---|---|---|---|---|---|---|---|---|
| Write off | Chairman's office | RRII Library | RRII Library | 16/12/2021 | 65.00 | NR:33(595) BAR | 14681 | Books |